<?xml version="1.0" encoding="UTF-8"?>
<marc:record xmlns:marc="http://www.loc.gov/MARC21/slim">
   <marc:leader>00000nam a2200000 a 4500</marc:leader>
   <marc:datafield ind1="1" ind2=" " tag="100">
      <marc:subfield code="a">Beltz, Heinrich</marc:subfield>
      <marc:subfield code="4">aut</marc:subfield>
      <marc:subfield code="e">Verfasser/-in</marc:subfield>
   </marc:datafield>
   <marc:datafield ind1="1" ind2=" " tag="100">
      <marc:subfield code="a">Jakubik, Uwe</marc:subfield>
      <marc:subfield code="4">aut</marc:subfield>
      <marc:subfield code="e">Verfasser/-in</marc:subfield>
   </marc:datafield>
   <marc:datafield ind1=" " ind2=" " tag="653">
      <marc:subfield code="a">Pflanzenschnitt</marc:subfield>
   </marc:datafield>
   <marc:datafield ind1=" " ind2=" " tag="653">
      <marc:subfield code="a">Softcover / Ratgeber/Natur/Garten</marc:subfield>
   </marc:datafield>
   <marc:datafield ind1=" " ind2=" " tag="653">
      <marc:subfield code="a">Ratgeber</marc:subfield>
   </marc:datafield>
   <marc:datafield ind1="0" ind2="0" tag="245">
      <marc:subfield code="a">Pflanzenschnitt super einfach</marc:subfield>
   </marc:datafield>
   <marc:datafield ind1="0" ind2="0" tag="245">
      <marc:subfield code="c">Heinrich Beltz, Uwe Jakubik</marc:subfield>
   </marc:datafield>
   <marc:datafield ind1=" " ind2="1" tag="264">
      <marc:subfield code="a">Stuttgart</marc:subfield>
      <marc:subfield code="b">Eugen Ulmer KG</marc:subfield>
      <marc:subfield code="c">2020</marc:subfield>
   </marc:datafield>
   <marc:datafield ind1="1" ind2=" " tag="520">
      <marc:subfield code="a">Angaben aus der Verlagsmeldung

Pflanzenschnitt super einfach : Praktisch, verständlich, erfolgreich / von Heinrich Beltz, Dr.-Ing. Uwe Jakubik

Schnitt für Schnitt zu gesunden, schönen Pflanzen
Sie möchten gerne Obst- oder Zierghölze schneiden und suchen nach einer leicht verständlichen Anleitung mit praktischen Hinweisen? Dann sehen Sie sich diesen kompakten Sammelband an! Er vermittelt alle Grundlagen rund um den Zier- und Obstgehölzschnitt und beantwortet die wichtigsten Fragen: Welche Schnitttechniken gibt es? Wann ist der richtige Zeitpunkt zum Schneiden? Welche Werkzeuge sind zu verwenden? Was tun bei erkrankten Pflanzen? Ob Rose, Rhododendron, Apfel- oder Kirschbaum: Hier erhalten Sie das nötige Know-how, um einfache Schnittmaßnahmen selber erfolgreich durchzuführen. Viele Abbildungen und Infokästen helfen Ihnen dabei!
</marc:subfield>
   </marc:datafield>
   <marc:datafield ind1=" " ind2=" " tag="020">
      <marc:subfield code="a">9783818611743</marc:subfield>
      <marc:subfield code="9">9783818611743</marc:subfield>
   </marc:datafield>
   <marc:datafield ind1=" " ind2=" " tag="020">
      <marc:subfield code="a">3818611742</marc:subfield>
      <marc:subfield code="9">3818611742</marc:subfield>
   </marc:datafield>
   <marc:datafield ind1=" " ind2=" " tag="041">
      <marc:subfield code="a">ger</marc:subfield>
   </marc:datafield>
   <marc:datafield ind1=" " ind2=" " tag="300">
      <marc:subfield code="a">123 Seiten</marc:subfield>
   </marc:datafield>
</marc:record>
